|
|
|
|
| LEADER |
01405nam a2200397Ia 4500 |
| 001 |
EBC3441679 |
| 003 |
MiAaPQ |
| 005 |
20200520144314.0 |
| 006 |
m o d | |
| 007 |
cr cn||||||||| |
| 008 |
061019s2007 dcu sb 001 0 eng d |
| 010 |
|
|
|z 2006034859
|
| 020 |
|
|
|z 0309102367 (hardcover)
|
| 020 |
|
|
|z 9780309102360 (hardcover)
|
| 020 |
|
|
|z 9780812205596
|
| 020 |
|
|
|z 9780812221329
|
| 035 |
|
|
|a (MiAaPQ)EBC3441679
|
| 035 |
|
|
|a (Au-PeEL)EBL3441679
|
| 035 |
|
|
|a (CaPaEBR)ebr10576120
|
| 035 |
|
|
|a (CaONFJC)MIL421173
|
| 035 |
|
|
|a (OCoLC)843080343
|
| 040 |
|
|
|a MiAaPQ
|c MiAaPQ
|d MiAaPQ
|
| 050 |
|
4 |
|a TS1045
|b .K36 2007
|
| 082 |
0 |
4 |
|a 675/.4
|2 22
|
| 100 |
1 |
|
|a Kanigel, Robert.
|
| 245 |
1 |
0 |
|a Faux real
|h [electronic resource] :
|b genuine leather and 200 years of inspired fakes /
|c Robert Kanigel.
|
| 246 |
3 |
|
|a FauxReal
|
| 260 |
|
|
|a Washington, D.C. :
|b Joseph Henry Press,
|c c2007.
|
| 300 |
|
|
|a vii, 288 p.
|
| 504 |
|
|
|a Includes bibliographical references (p. 250-273) and index.
|
| 533 |
|
|
|a Electronic reproduction. Ann Arbor, MI : ProQuest, 2015. Available via World Wide Web. Access may be limited to ProQuest affiliated libraries.
|
| 650 |
|
0 |
|a Leather, Artificial.
|
| 650 |
|
0 |
|a Leather substitutes.
|
| 655 |
|
4 |
|a Electronic books.
|
| 710 |
2 |
|
|a ProQuest (Firm)
|
| 856 |
4 |
0 |
|u https://ebookcentral.proquest.com/lib/matrademy/detail.action?docID=3441679
|z Click to View
|